Palabras homófonas en oraciones

Uloženo v:
Podrobná bibliografie
Hlavní autor: Emir Castillo, Lidia
Médium: Kniha
Jazyk:Undetermined
Vydáno: Panamá, Panamá Universidad Santa María 1984
Témata:
Tagy: Přidat tag
Žádné tagy, Buďte první, kdo vytvoří štítek k tomuto záznamu!

MARC

LEADER 00000nam a2200000Ia 4500
008 170316s9999 xx 000 0 und d
090 |a 415-E E-2.1p 
100 |a Emir Castillo, Lidia 
245 |a Palabras homófonas en oraciones 
260 |a Panamá, Panamá 
260 |b Universidad Santa María 
260 |c 1984 
300 |a 105 páginas 
650 |a GRAMÁTICA ESPAÑOLA 
650 |a PALABRAS HOMOFONAS 
999 |c 18947  |d 18947 
040 |a cru BVZT 
942 |c 15 D  |h 415-E E-2.1p  |2 z